América la bien llamada
Saved in:
| Hovedforfatter: | |
|---|---|
| Format: | Bog |
| Sprog: | spansk |
| Udgivet: |
Buenos Aires
Guillermo Kraft
1948
|
| Serier: | Documentales
|
| Fag: | |
| Tags: |
Tilføj Tag
Ingen Tags, Vær først til at tagge denne postø!
|
MARC
| LEADER | 00000nam a2200000 a 4500 | ||
|---|---|---|---|
| 001 | UCI2275 | ||
| 003 | CL-VaPUC | ||
| 008 | 070810e19480000AG |||||||||||||||||spa|d | ||
| 082 | 0 | 4 | |a 910.45 |b LEV |2 21 |
| 100 | |a Levillier, Roberto |e author |9 523218 | ||
| 245 | 1 | 0 | |a América la bien llamada |
| 300 | |a 2 v | ||
| 942 | |c BK | ||
| 945 | |d 20070810 00:00:00 |a jtorresc | ||
| 260 | |a Buenos Aires |b Guillermo Kraft |c 1948 | ||
| 500 | |a v.1: La conquista de occidente | ||
| 500 | |a v.2: Bajo la cruz del sur | ||
| 600 | 0 | 7 | |a VESPUCIO, AMERICO |2 CL-VaPUC |9 265195 |
| 650 | 0 | |a Descubrimientos y exploraciones |9 266189 | |
| 650 | 0 | |a Historia |9 255047 | |
| 650 | 0 | |a Españoles |9 266190 | |
| 651 | 0 | |a América |9 255182 | |
| 583 | |a last modification |c 20070810 00:00:00 |k Rodrigo Vera | ||
| 490 | 0 | |a Documentales | |
| 999 | |c 326894 |d 326892 | ||
| 952 | |0 0 |1 0 |4 0 |6 910_450000000000000_LEV_1948 |7 0 |8 R |9 409143 |a BIBARQ |b BIBARQ |d 2019-11-22 |h v.1 |i 4361407 |l 3 |o 910.45 LEV 1948 |p 4361407 |r 2025-01-20 |s 2020-05-11 |w 2019-11-22 |y BK_R |k ARQ | ||
| 952 | |0 0 |1 0 |4 0 |6 910_450000000000000_LEV_1948 |7 0 |8 R |9 409144 |a BIBARQ |b BIBARQ |d 2019-11-22 |h v.2 |i 4361415 |l 3 |o 910.45 LEV 1948 |p 4361415 |r 2025-01-20 |s 2020-05-11 |w 2019-11-22 |y BK_R |k ARQ | ||